[Event "ODJM A 2024"]
[Site "Willingen GER"]
[Date "2024.05.22"]
[Round "5"]
[White "Sundui, Chinguun"]
[Black "Dietlmeier, Tobias"]
[Result "1-0"]
[Termination "normal"]
[Board "26"]
[WhiteElo "1895"]
[BlackElo "1936"]
[WhiteClock "00:50:58"]
[BlackClock "01:07:45"]
[PlyCount "27"]
[WhiteFideId "4907930"]
[BlackFideId "16213963"]
[EventCountry "GER"]
[EventRounds "9"]
[EventType "swiss"]
[EventDate "2024.05.18"]

1. e4 {[%clk 01:30:58]} {[%emt 00:00:02]} c6 {[%clk 01:30:42]} {[%emt
00:00:19]} 2. Nf3 {[%clk 01:31:05]} {[%emt 00:00:22]} d5 {[%clk 01:31:04]}
{[%emt 00:00:09]} 3. exd5 {[%clk 01:31:12]} {[%emt 00:00:23]} cxd5 {[%clk
01:31:27]} {[%emt 00:00:06]} 4. Ne5 {[%clk 01:31:34]} {[%emt 00:00:09]} a6
{[%clk 01:31:34]} {[%emt 00:00:23]} 5. d4 {[%clk 01:31:19]} {[%emt 00:00:44]}
Nf6 {[%clk 01:30:24]} {[%emt 00:01:41]} 6. Bd3 {[%clk 01:30:20]} {[%emt
00:01:28]} Nc6 {[%clk 01:30:10]} {[%emt 00:00:44]} 7. c3 {[%clk 01:30:05]}
{[%emt 00:00:45]} e6 {[%clk 01:28:22]} {[%emt 00:02:18]} 8. f4 {[%clk
01:25:07]} {[%emt 00:05:28]} Bd6 {[%clk 01:26:23]} {[%emt 00:02:29]} 9. O-O
{[%clk 01:24:32]} {[%emt 00:01:06]} O-O {[%clk 01:20:27]} {[%emt 00:06:26]} 10.
Nd2 {[%clk 01:20:36]} {[%emt 00:04:26]} Ne7 {[%clk 01:16:29]} {[%emt 00:04:28]}
11. a4 {[%clk 01:12:45]} {[%emt 00:08:21]} g6 {[%clk 01:10:42]} {[%emt
00:06:17]} 12. Qe2 {[%clk 01:04:30]} {[%emt 00:08:45]} Nd7 {[%clk 01:08:50]}
{[%emt 00:02:22]} 13. Ndf3 {[%clk 01:00:58]} {[%emt 00:04:03]} f6 {[%clk
01:07:45]} {[%emt 00:01:36]} 14. Nxg6 {[%clk 00:50:58]} {[%emt 00:10:29]} 1-0

[Event "ODJM A 2024"]
[Site "Willingen GER"]
[Date "2024.05.22"]
[Round "5"]
[White "Limberg, Thomas"]
[Black "Ellinger, Maximilian"]
[Result "0-1"]
[Termination "normal"]
[Board "27"]
[WhiteElo "1783"]
[BlackElo "1818"]
[WhiteClock "00:17:10"]
[BlackClock "00:43:13"]
[PlyCount "108"]
[WhiteFideId "16226755"]
[BlackFideId "34631003"]
[EventCountry "GER"]
[EventRounds "9"]
[EventType "swiss"]
[EventDate "2024.05.18"]

1. d4 {[%clk 01:30:58]} {[%emt 00:00:02]} Nf6 {[%clk 01:30:45]} {[%emt
00:00:14]} 2. c4 {[%clk 01:31:19]} {[%emt 00:00:09]} c5 {[%clk 01:31:05]}
{[%emt 00:00:10]} 3. Nf3 {[%clk 01:31:27]} {[%emt 00:00:22]} cxd4 {[%clk
01:31:18]} {[%emt 00:00:17]} 4. Nxd4 {[%clk 01:31:49]} {[%emt 00:00:08]} e5
{[%clk 01:30:39]} {[%emt 00:01:09]} 5. Nb5 {[%clk 01:31:59]} {[%emt 00:00:20]}
d5 {[%clk 01:30:55]} {[%emt 00:00:14]} 6. cxd5 {[%clk 01:31:58]} {[%emt
00:00:31]} Bc5 {[%clk 01:31:14]} {[%emt 00:00:11]} 7. e3 {[%clk 01:29:24]}
{[%emt 00:03:04]} O-O {[%clk 01:30:39]} {[%emt 00:01:05]} 8. N1c3 {[%clk
01:28:34]} {[%emt 00:01:20]} Bf5 {[%clk 01:24:58]} {[%emt 00:06:10]} 9. Bd3
{[%clk 01:22:37]} {[%emt 00:06:27]} e4 {[%clk 01:21:26]} {[%emt 00:04:03]} 10.
Be2 {[%clk 01:22:35]} {[%emt 00:00:32]} Nbd7 {[%clk 01:19:25]} {[%emt
00:02:32]} 11. O-O {[%clk 01:08:07]} {[%emt 00:14:58]} Ne5 {[%clk 01:14:04]}
{[%emt 00:05:50]} 12. b4 {[%clk 01:01:10]} {[%emt 00:07:28]} Bxb4 {[%clk
01:02:53]} {[%emt 00:11:41]} 13. Qb3 {[%clk 01:01:15]} {[%emt 00:00:24]} Bc5
{[%clk 00:46:24]} {[%emt 00:16:58]} 14. Ba3 {[%clk 00:57:54]} {[%emt 00:03:51]}
Bxa3 {[%clk 00:46:32]} {[%emt 00:00:23]} 15. Nxa3 {[%clk 00:58:17]} {[%emt
00:00:07]} b6 {[%clk 00:28:20]} {[%emt 00:18:41]} 16. Nc4 {[%clk 00:45:14]}
{[%emt 00:13:32]} Nxc4 {[%clk 00:26:06]} {[%emt 00:02:44]} 17. Bxc4 {[%clk
00:44:34]} {[%emt 00:01:10]} Nd7 {[%clk 00:26:13]} {[%emt 00:00:23]} 18. Rfd1
{[%clk 00:40:37]} {[%emt 00:04:27]} Qg5 {[%clk 00:24:19]} {[%emt 00:02:23]} 19.
Ne2 {[%clk 00:29:28]} {[%emt 00:11:40]} Bg4 {[%clk 00:23:07]} {[%emt 00:01:42]}
20. Rd4 {[%clk 00:23:44]} {[%emt 00:06:14]} Rfe8 {[%clk 00:20:50]} {[%emt
00:02:47]} 21. Ng3 {[%clk 00:20:51]} {[%emt 00:03:22]} Nc5 {[%clk 00:20:04]}
{[%emt 00:01:17]} 22. Qc2 {[%clk 00:20:40]} {[%emt 00:00:41]} Qg6 {[%clk
00:18:20]} {[%emt 00:02:14]} 23. h3 {[%clk 00:17:00]} {[%emt 00:04:11]} Bd7
{[%clk 00:18:38]} {[%emt 00:00:11]} 24. Kh1 {[%clk 00:16:56]} {[%emt 00:00:34]}
Rac8 {[%clk 00:18:42]} {[%emt 00:00:26]} 25. Qe2 {[%clk 00:16:29]} {[%emt
00:00:56]} Qf6 {[%clk 00:17:29]} {[%emt 00:01:43]} 26. Nh5 {[%clk 00:12:01]}
{[%emt 00:04:59]} Qe5 {[%clk 00:16:56]} {[%emt 00:01:03]} 27. Nf4 {[%clk
00:11:14]} {[%emt 00:01:18]} Na4 {[%clk 00:16:10]} {[%emt 00:01:15]} 28. Bb3
{[%clk 00:09:32]} {[%emt 00:02:13]} Nc3 {[%clk 00:15:58]} {[%emt 00:00:42]} 29.
Qb2 {[%clk 00:09:04]} {[%emt 00:00:58]} Rc5 {[%clk 00:15:22]} {[%emt 00:01:07]}
30. Rc1 {[%clk 00:07:00]} {[%emt 00:02:34]} Rec8 {[%clk 00:14:15]} {[%emt
00:01:36]} 31. Rc4 {[%clk 00:06:08]} {[%emt 00:01:22]} Rxc4 {[%clk 00:12:24]}
{[%emt 00:02:22]} 32. Bxc4 {[%clk 00:06:34]} {[%emt 00:00:04]} Rxc4 {[%clk
00:12:34]} {[%emt 00:00:20]} 33. Ne2 {[%clk 00:06:18]} {[%emt 00:00:45]} Qxd5
{[%clk 00:12:15]} {[%emt 00:00:49]} 34. Nxc3 {[%clk 00:06:22]} {[%emt
00:00:26]} Qc6 {[%clk 00:12:35]} {[%emt 00:00:09]} 35. Ne2 {[%clk 00:05:36]}
{[%emt 00:01:16]} Rxc1+ {[%clk 00:13:03]} {[%emt 00:00:03]} 36. Qxc1 {[%clk
00:05:51]} {[%emt 00:00:15]} Qxc1+ {[%clk 00:13:29]} {[%emt 00:00:04]} 37. Nxc1
{[%clk 00:06:14]} {[%emt 00:00:07]} Be6 {[%clk 00:13:37]} {[%emt 00:00:22]} 38.
Kg1 {[%clk 00:05:12]} {[%emt 00:01:33]} Bc4 {[%clk 00:14:01]} {[%emt 00:00:06]}
39. f3 {[%clk 00:05:15]} {[%emt 00:00:26]} f5 {[%clk 00:12:55]} {[%emt
00:01:36]} 40. fxe4 {[%clk 00:05:35]} {[%emt 00:00:10]} fxe4 {[%clk 00:13:19]}
{[%emt 00:00:05]} 41. Kf2 {[%clk 00:05:58]} {[%emt 00:00:09]} Kf7 {[%clk
00:13:45]} {[%emt 00:00:03]} 42. Ke1 {[%clk 00:02:11]} {[%emt 00:04:17]} b5
{[%clk 00:12:38]} {[%emt 00:01:38]} 43. g3 {[%clk 00:30:02]} {[%emt 00:02:38]}
Ke6 {[%clk 00:42:56]} {[%emt 00:00:11]} 44. Kd2 {[%clk 00:29:39]} {[%emt
00:00:54]} Kd5 {[%clk 00:43:21]} {[%emt 00:00:05]} 45. Kc3 {[%clk 00:29:41]}
{[%emt 00:00:27]} Kc5 {[%clk 00:43:45]} {[%emt 00:00:06]} 46. h4 {[%clk
00:24:57]} {[%emt 00:05:14]} h5 {[%clk 00:43:43]} {[%emt 00:00:32]} 47. a3
{[%clk 00:25:19]} {[%emt 00:00:09]} a5 {[%clk 00:43:50]} {[%emt 00:00:22]} 48.
Kb2 {[%clk 00:23:10]} {[%emt 00:02:39]} b4 {[%clk 00:43:37]} {[%emt 00:00:43]}
49. axb4+ {[%clk 00:20:30]} {[%emt 00:03:10]} Kxb4 {[%clk 00:43:07]} {[%emt
00:01:00]} 50. Kc2 {[%clk 00:19:53]} {[%emt 00:01:07]} a4 {[%clk 00:43:32]}
{[%emt 00:00:05]} 51. Kb2 {[%clk 00:18:35]} {[%emt 00:01:48]} a3+ {[%clk
00:43:58]} {[%emt 00:00:05]} 52. Kc2 {[%clk 00:18:59]} {[%emt 00:00:06]} a2
{[%clk 00:44:01]} {[%emt 00:00:27]} 53. Kb2 {[%clk 00:18:00]} {[%emt 00:01:29]}
g6 {[%clk 00:43:20]} {[%emt 00:01:11]} 54. Ka1 {[%clk 00:17:10]} {[%emt
00:01:20]} Kc3 {[%clk 00:43:13]} {[%emt 00:00:37]} 0-1

[Event "ODJM A 2024"]
[Site "Willingen GER"]
[Date "2024.05.22"]
[Round "5"]
[White "Andrade, Ruben"]
[Black "Mehner, Lorenz"]
[Result "0-1"]
[Termination "normal"]
[Board "28"]
[WhiteElo "1968"]
[BlackElo "1799"]
[WhiteClock "00:13:45"]
[BlackClock "00:32:15"]
[PlyCount "86"]
[WhiteFideId "16246829"]
[BlackFideId "16293096"]
[EventCountry "GER"]
[EventRounds "9"]
[EventType "swiss"]
[EventDate "2024.05.18"]

1. e4 {[%clk 01:30:58]} {[%emt 00:00:01]} c5 {[%clk 01:30:55]} {[%emt
00:00:05]} 2. Nf3 {[%clk 01:31:22]} {[%emt 00:00:05]} d6 {[%clk 01:31:18]}
{[%emt 00:00:07]} 3. d4 {[%clk 01:31:47]} {[%emt 00:00:05]} cxd4 {[%clk
01:31:43]} {[%emt 00:00:05]} 4. Nxd4 {[%clk 01:32:13]} {[%emt 00:00:04]} Nf6
{[%clk 01:32:06]} {[%emt 00:00:08]} 5. Nc3 {[%clk 01:32:39]} {[%emt 00:00:05]}
g6 {[%clk 01:32:26]} {[%emt 00:00:09]} 6. Be3 {[%clk 01:33:02]} {[%emt
00:00:07]} Bg7 {[%clk 01:32:47]} {[%emt 00:00:09]} 7. f3 {[%clk 01:33:27]}
{[%emt 00:00:05]} O-O {[%clk 01:33:06]} {[%emt 00:00:11]} 8. Qd2 {[%clk
01:33:54]} {[%emt 00:00:03]} Nc6 {[%clk 01:33:29]} {[%emt 00:00:08]} 9. O-O-O
{[%clk 01:34:17]} {[%emt 00:00:06]} d5 {[%clk 01:33:52]} {[%emt 00:00:08]} 10.
exd5 {[%clk 01:34:37]} {[%emt 00:00:09]} Nxd5 {[%clk 01:34:18]} {[%emt
00:00:04]} 11. Nxc6 {[%clk 01:34:59]} {[%emt 00:00:08]} bxc6 {[%clk 01:34:34]}
{[%emt 00:00:14]} 12. Bd4 {[%clk 01:35:18]} {[%emt 00:00:11]} e5 {[%clk
01:34:52]} {[%emt 00:00:12]} 13. Bc5 {[%clk 01:35:42]} {[%emt 00:00:06]} Be6
{[%clk 01:35:16]} {[%emt 00:00:06]} 14. Ne4 {[%clk 01:36:05]} {[%emt 00:00:06]}
Re8 {[%clk 01:35:39]} {[%emt 00:00:07]} 15. h4 {[%clk 01:36:21]} {[%emt
00:00:14]} h5 {[%clk 01:36:02]} {[%emt 00:00:08]} 16. Bc4 {[%clk 01:15:10]}
{[%emt 00:21:41]} Nf4 {[%clk 01:36:23]} {[%emt 00:00:09]} 17. Bxe6 {[%clk
01:07:09]} {[%emt 00:08:31]} Qxd2+ {[%clk 01:35:33]} {[%emt 00:01:20]} 18. Rxd2
{[%clk 01:07:23]} {[%emt 00:00:16]} Nxe6 {[%clk 01:36:01]} {[%emt 00:00:02]}
19. Be3 {[%clk 01:07:05]} {[%emt 00:00:48]} f5 {[%clk 01:34:40]} {[%emt
00:01:51]} 20. Nc5 {[%clk 01:05:33]} {[%emt 00:02:02]} Nxc5 {[%clk 01:29:33]}
{[%emt 00:05:37]} 21. Bxc5 {[%clk 01:06:01]} {[%emt 00:00:03]} Bh6 {[%clk
01:29:54]} {[%emt 00:00:09]} 22. Re1 {[%clk 01:06:08]} {[%emt 00:00:22]} Bxd2+
{[%clk 01:27:50]} {[%emt 00:02:35]} 23. Kxd2 {[%clk 01:06:37]} {[%emt
00:00:01]} Rad8+ {[%clk 01:25:29]} {[%emt 00:02:50]} 24. Kc3 {[%clk 01:06:02]}
{[%emt 00:01:04]} a6 {[%clk 01:24:50]} {[%emt 00:01:10]} 25. b3 {[%clk
00:58:20]} {[%emt 00:08:12]} Kf7 {[%clk 01:20:58]} {[%emt 00:04:22]} 26. a4
{[%clk 00:45:22]} {[%emt 00:13:28]} e4 {[%clk 01:11:07]} {[%emt 00:10:21]} 27.
f4 {[%clk 00:33:49]} {[%emt 00:12:03]} Rd5 {[%clk 01:07:40]} {[%emt 00:03:58]}
28. Be3 {[%clk 00:32:49]} {[%emt 00:01:30]} Red8 {[%clk 01:05:51]} {[%emt
00:02:19]} 29. Re2 {[%clk 00:32:45]} {[%emt 00:00:33]} Rd1 {[%clk 00:59:25]}
{[%emt 00:06:57]} 30. g3 {[%clk 00:32:35]} {[%emt 00:00:40]} Rf1 {[%clk
00:56:15]} {[%emt 00:03:39]} 31. Kc4 {[%clk 00:27:17]} {[%emt 00:05:50]} Rd5
{[%clk 00:54:28]} {[%emt 00:02:16]} 32. b4 {[%clk 00:18:53]} {[%emt 00:08:54]}
Rf3 {[%clk 00:51:21]} {[%emt 00:03:37]} 33. Bf2 {[%clk 00:18:42]} {[%emt
00:00:39]} Ra3 {[%clk 00:50:53]} {[%emt 00:01:00]} 34. a5 {[%clk 00:18:15]}
{[%emt 00:00:57]} Rf3 {[%clk 00:50:19]} {[%emt 00:01:04]} 35. Be1 {[%clk
00:16:26]} {[%emt 00:02:18]} Ke6 {[%clk 00:47:36]} {[%emt 00:03:13]} 36. Rg2
{[%clk 00:16:04]} {[%emt 00:00:50]} Kd7 {[%clk 00:45:43]} {[%emt 00:02:25]} 37.
Bc3 {[%clk 00:15:41]} {[%emt 00:00:53]} Rd1 {[%clk 00:42:15]} {[%emt 00:03:59]}
38. Bd4 {[%clk 00:14:15]} {[%emt 00:01:56]} e3 {[%clk 00:31:59]} {[%emt
00:10:45]} 39. Re2 {[%clk 00:14:26]} {[%emt 00:00:18]} Rd2 {[%clk 00:31:58]}
{[%emt 00:00:32]} 40. Rxe3 {[%clk 00:14:17]} {[%emt 00:00:40]} Rxe3 {[%clk
00:32:06]} {[%emt 00:00:22]} 41. Bxe3 {[%clk 00:14:43]} {[%emt 00:00:03]} Rxc2+
{[%clk 00:32:22]} {[%emt 00:00:14]} 42. Kd4 {[%clk 00:13:21]} {[%emt 00:01:52]}
Kd6 {[%clk 00:32:11]} {[%emt 00:00:41]} 43. Kd3 {[%clk 00:13:45]} {[%emt
00:00:05]} Rg2 {[%clk 00:32:15]} {[%emt 00:00:26]} 0-1

[Event "ODJM A 2024"]
[Site "Willingen GER"]
[Date "2024.05.22"]
[Round "5"]
[White "Mainka, Ingmar"]
[Black "Heimann, Alexander"]
[Result "1/2-1/2"]
[Termination "normal"]
[Board "30"]
[WhiteElo "1879"]
[BlackElo "1927"]
[WhiteClock "00:27:37"]
[BlackClock "00:20:40"]
[PlyCount "65"]
[WhiteFideId "16254937"]
[BlackFideId "16215346"]
[EventCountry "GER"]
[EventRounds "9"]
[EventType "swiss"]
[EventDate "2024.05.18"]

1. e4 {[%clk 01:30:59]} {[%emt 17:14:03]} c5 {[%clk 01:30:36]} {[%emt
00:00:25]} 2. Nf3 {[%clk 01:31:25]} {[%emt 00:00:04]} e6 {[%clk 01:30:50]}
{[%emt 00:00:16]} 3. d4 {[%clk 01:31:52]} {[%emt 00:00:04]} cxd4 {[%clk
01:31:08]} {[%emt 00:00:12]} 4. Nxd4 {[%clk 01:32:18]} {[%emt 00:00:04]} Nf6
{[%clk 01:31:15]} {[%emt 00:00:23]} 5. Nc3 {[%clk 01:32:32]} {[%emt 00:00:16]}
d6 {[%clk 01:30:54]} {[%emt 00:00:50]} 6. Be3 {[%clk 01:32:18]} {[%emt
00:00:45]} Be7 {[%clk 01:29:56]} {[%emt 00:01:28]} 7. Be2 {[%clk 01:31:52]}
{[%emt 00:00:56]} a6 {[%clk 01:29:58]} {[%emt 00:00:28]} 8. Nb3 {[%clk
01:31:24]} {[%emt 00:00:58]} Nbd7 {[%clk 01:30:10]} {[%emt 00:00:18]} 9. f4
{[%clk 01:31:16]} {[%emt 00:00:38]} b6 {[%clk 01:28:53]} {[%emt 00:01:47]} 10.
Bf3 {[%clk 01:30:43]} {[%emt 00:01:03]} Bb7 {[%clk 01:27:57]} {[%emt 00:01:26]}
11. Qd2 {[%clk 01:26:04]} {[%emt 00:05:09]} Qc7 {[%clk 01:27:01]} {[%emt
00:01:26]} 12. O-O {[%clk 01:24:49]} {[%emt 00:01:45]} O-O {[%clk 01:24:10]}
{[%emt 00:03:21]} 13. g4 {[%clk 01:22:49]} {[%emt 00:02:30]} Nc5 {[%clk
01:19:32]} {[%emt 00:05:08]} 14. Nxc5 {[%clk 01:22:55]} {[%emt 00:00:25]} dxc5
{[%clk 01:19:09]} {[%emt 00:00:54]} 15. Qg2 {[%clk 01:19:25]} {[%emt 00:03:59]}
c4 {[%clk 01:13:54]} {[%emt 00:05:44]} 16. e5 {[%clk 01:09:21]} {[%emt
00:10:35]} Bxf3 {[%clk 01:10:00]} {[%emt 00:04:24]} 17. Rxf3 {[%clk 01:09:16]}
{[%emt 00:00:35]} Nd7 {[%clk 01:01:12]} {[%emt 00:09:18]} 18. g5 {[%clk
01:05:30]} {[%emt 00:04:16]} Bc5 {[%clk 00:50:17]} {[%emt 00:11:25]} 19. Ne4
{[%clk 01:04:01]} {[%emt 00:01:59]} Rfd8 {[%clk 00:37:02]} {[%emt 00:13:45]}
20. Kh1 {[%clk 00:43:02]} {[%emt 00:21:29]} Qc6 {[%clk 00:27:43]} {[%emt
00:09:49]} 21. Rg3 {[%clk 00:40:11]} {[%emt 00:03:21]} Rac8 {[%clk 00:27:26]}
{[%emt 00:00:47]} 22. Bxc5 {[%clk 00:40:29]} {[%emt 00:00:12]} Nxc5 {[%clk
00:27:21]} {[%emt 00:00:35]} 23. Nd6 {[%clk 00:40:55]} {[%emt 00:00:04]} Qxg2+
{[%clk 00:21:42]} {[%emt 00:06:09]} 24. Rxg2 {[%clk 00:41:21]} {[%emt
00:00:04]} Rc6 {[%clk 00:21:56]} {[%emt 00:00:17]} 25. Nxc4 {[%clk 00:39:12]}
{[%emt 00:02:39]} Rd4 {[%clk 00:21:49]} {[%emt 00:00:37]} 26. Rd2 {[%clk
00:39:39]} {[%emt 00:00:03]} Rxd2 {[%clk 00:21:35]} {[%emt 00:00:44]} 27. Nxd2
{[%clk 00:40:06]} {[%emt 00:00:03]} Na4 {[%clk 00:21:44]} {[%emt 00:00:21]} 28.
b3 {[%clk 00:38:17]} {[%emt 00:02:19]} Rxc2 {[%clk 00:21:31]} {[%emt 00:00:43]}
29. bxa4 {[%clk 00:37:49]} {[%emt 00:00:58]} Rxd2 {[%clk 00:21:51]} {[%emt
00:00:09]} 30. Rb1 {[%clk 00:38:14]} {[%emt 00:00:05]} b5 {[%clk 00:19:52]}
{[%emt 00:02:29]} 31. axb5 {[%clk 00:38:27]} {[%emt 00:00:18]} axb5 {[%clk
00:20:16]} {[%emt 00:00:06]} 32. Rxb5 {[%clk 00:38:52]} {[%emt 00:00:05]} h6
{[%clk 00:20:40]} {[%emt 00:00:06]} 33. gxh6 {[%clk 00:27:37]} {[%emt
00:11:45]} 1/2-1/2

[Event "ODJM A 2024"]
[Site "Willingen GER"]
[Date "2024.05.22"]
[Round "5"]
[White "Stiehler, Daniel"]
[Black "Matthes, Benjamin"]
[Result "0-1"]
[Termination "normal"]
[Board "31"]
[WhiteElo "1923"]
[BlackElo "1963"]
[WhiteClock "00:15:13"]
[BlackClock "00:01:06"]
[PlyCount "74"]
[WhiteFideId "34604863"]
[BlackFideId "16227298"]
[EventCountry "GER"]
[EventRounds "9"]
[EventType "swiss"]
[EventDate "2024.05.18"]

1. e4 {[%clk 01:30:57]} {[%emt 00:00:02]} c5 {[%clk 01:30:36]} {[%emt
00:00:25]} 2. Nc3 {[%clk 01:31:22]} {[%emt 00:00:05]} Nc6 {[%clk 01:30:30]}
{[%emt 00:00:37]} 3. Bb5 {[%clk 01:31:39]} {[%emt 00:00:12]} Nd4 {[%clk
01:29:02]} {[%emt 00:01:58]} 4. Nf3 {[%clk 01:31:49]} {[%emt 00:00:18]} a6
{[%clk 01:28:56]} {[%emt 00:00:39]} 5. Bd3 {[%clk 01:31:59]} {[%emt 00:00:18]}
g6 {[%clk 01:26:19]} {[%emt 00:03:08]} 6. Rb1 {[%clk 01:30:54]} {[%emt
00:01:34]} Bg7 {[%clk 01:11:30]} {[%emt 00:15:20]} 7. b4 {[%clk 01:25:40]}
{[%emt 00:05:44]} cxb4 {[%clk 01:09:46]} {[%emt 00:02:14]} 8. Rxb4 {[%clk
01:25:25]} {[%emt 00:00:45]} Nc6 {[%clk 01:10:08]} {[%emt 00:00:07]} 9. Rb3
{[%clk 01:23:29]} {[%emt 00:02:20]} d6 {[%clk 01:09:03]} {[%emt 00:01:42]} 10.
O-O {[%clk 01:18:02]} {[%emt 00:05:57]} Nf6 {[%clk 01:02:41]} {[%emt 00:06:52]}
11. Re1 {[%clk 01:14:26]} {[%emt 00:04:04]} O-O {[%clk 00:52:56]} {[%emt
00:10:17]} 12. a4 {[%clk 01:07:39]} {[%emt 00:07:17]} Na5 {[%clk 00:48:19]}
{[%emt 00:05:07]} 13. Rb1 {[%clk 01:06:17]} {[%emt 00:01:51]} Bd7 {[%clk
00:47:49]} {[%emt 00:01:02]} 14. Ba3 {[%clk 01:03:51]} {[%emt 00:02:53]} Rc8
{[%clk 00:46:28]} {[%emt 00:01:53]} 15. e5 {[%clk 01:01:28]} {[%emt 00:02:53]}
dxe5 {[%clk 00:39:31]} {[%emt 00:07:27]} 16. Nxe5 {[%clk 00:59:45]} {[%emt
00:02:13]} Re8 {[%clk 00:37:38]} {[%emt 00:02:22]} 17. Bb4 {[%clk 00:53:17]}
{[%emt 00:06:58]} Nc6 {[%clk 00:29:06]} {[%emt 00:09:03]} 18. Bc5 {[%clk
00:49:19]} {[%emt 00:04:27]} Nxe5 {[%clk 00:17:54]} {[%emt 00:11:42]} 19. Rxe5
{[%clk 00:47:08]} {[%emt 00:02:41]} Qc7 {[%clk 00:17:06]} {[%emt 00:01:19]} 20.
Rg5 {[%clk 00:43:52]} {[%emt 00:03:45]} Ng4 {[%clk 00:11:16]} {[%emt 00:06:21]}
21. g3 {[%clk 00:37:41]} {[%emt 00:06:40]} Ne5 {[%clk 00:07:00]} {[%emt
00:04:46]} 22. Bd4 {[%clk 00:35:32]} {[%emt 00:02:39]} Nxd3 {[%clk 00:05:44]}
{[%emt 00:01:47]} 23. Bxg7 {[%clk 00:32:38]} {[%emt 00:03:24]} Nxf2 {[%clk
00:05:59]} {[%emt 00:00:15]} 24. Kxf2 {[%clk 00:31:48]} {[%emt 00:01:19]} Kxg7
{[%clk 00:06:19]} {[%emt 00:00:11]} 25. Rd5 {[%clk 00:30:57]} {[%emt 00:01:21]}
Bc6 {[%clk 00:04:56]} {[%emt 00:01:53]} 26. Rd3 {[%clk 00:30:24]} {[%emt
00:01:02]} Rcd8 {[%clk 00:03:12]} {[%emt 00:02:16]} 27. Re3 {[%clk 00:30:15]}
{[%emt 00:00:39]} Qd6 {[%clk 00:02:38]} {[%emt 00:01:03]} 28. Ke1 {[%clk
00:27:08]} {[%emt 00:03:36]} e5 {[%clk 00:01:52]} {[%emt 00:01:17]} 29. Qe2
{[%clk 00:24:53]} {[%emt 00:02:43]} e4 {[%clk 00:01:08]} {[%emt 00:01:16]} 30.
Rd1 {[%clk 00:19:06]} {[%emt 00:06:16]} Qd4 {[%clk 00:01:37]} 31. Rb1 {[%clk
00:18:59]} {[%emt 00:00:38]} Rd6 {[%clk 00:01:40]} {[%emt 00:00:27]} 32. Rd1
{[%clk 00:17:29]} {[%emt 00:02:00]} Rf6 {[%clk 00:01:47]} {[%emt 00:00:22]} 33.
Na2 {[%clk 00:16:17]} {[%emt 00:01:42]} Qxa4 {[%clk 00:01:37]} {[%emt
00:00:40]} 34. Nc3 {[%clk 00:15:45]} {[%emt 00:01:02]} Qxc2 {[%clk 00:01:28]}
{[%emt 00:00:39]} 35. Rb1 {[%clk 00:15:12]} {[%emt 00:01:04]} Bb5 {[%clk
00:01:08]} {[%emt 00:00:51]} 36. Qg2 {[%clk 00:15:25]} {[%emt 00:00:16]} Rd8
{[%clk 00:00:49]} {[%emt 00:00:50]} 37. Rxb5 {[%clk 00:15:13]} {[%emt
00:00:41]} axb5 {[%clk 00:01:06]} {[%emt 00:00:14]} 0-1